A carregar...
| LEADER | 00484cam a2200169ua 4500 | ||
|---|---|---|---|
| 020 | |a 0-285-64701-6 | ||
| 082 | |a 335.6 |b MAS | ||
| 245 | 1 | 0 | |a Mass Psychology of Fascism / |
| 250 | |a 1st. | ||
| 260 | |a London: |b Condor, |c 1991. | ||
| 300 | |a xxix,400p.. | ||
| 500 | |a Includes index. | ||
| 650 | 0 | |a Fascism | |
| 700 | 0 | 2 | |a Reich, Wilhelm |
| 942 | |c BK | ||
| 999 | |c 12469 |d 12469 | ||
| 952 | |0 0 |1 0 |4 0 |6 335_600000000000000_MA |7 0 |9 13011 |a KUCL |b KUCL |d 2014-05-23 |l 0 |o 335.6 MA |p 14348 |r 2014-05-23 |w 2014-05-23 |y BK | ||